=LDR 00000nam 2200000 4500 =001 INLIS000000000020670 =005 20130612115616 =008 ***********************************Ind** =035 ##$$a0010-061300000020670 =041 ##$$a Ind =082 ##$$a 510.7 =090 ##$$a 510.7, Sub m =100 ##$$a Subanji =245 ##$$a Matematika untuk kelas xii program ilmu alam (kls 3 SMA / Man), Subanji =260 ##$$a 2005 $b Surabaya =300 ##$$a vi, 250 hlm, ilus, 25 cm =650 ##$$a Matematika-Studi dan pengajaran =850 ##$$a NBPNMAT =990 ##$$a 91007/BPAP-NTB/2014